Statistics for The Sweet Songs on the Billboard Hot 100 Chart (USA)

Click here to take the quiz!

General Stats

  • This quiz has been taken 5 times
  • The average score is 6 of 9

Answer Stats

Peak Chart Position, YearAnswer% Correct
5, 1975Fox on the Run
100%
3, 1972Little Willy
100%
5, 1973The Ballroom Blitz
100%
73, 1973Block Buster
75%
8, 1978Love is Like Oxygen
75%
20, 1975Action
50%
76, 1978California Nights
50%
99, 1971Co-Co
50%
88, 1977Funk it Up (David's Song)
25%

Score Distribution

Percentile by Number Answered

Percent of People with Each Score

Your Score History

You have not taken this quiz